| 000 | 00765nam a2200289Ia 4500 | ||
|---|---|---|---|
| 003 | SMC | ||
| 005 | 20160712091454.0 | ||
| 008 | 160319s9999 xx 000 0 und d | ||
| 020 | _a978-08-7097-1 | ||
| 050 | _aFIL Q 180.A1 | ||
| 050 | _b.C35 2010 | ||
| 100 | _aCalmorin, Laurentina Paler - | ||
| 245 | _aResearch and statistics with computer / | ||
| 245 | _c Laurentina Paler-Calmarin. | ||
| 260 | _aMandaluyong: | ||
| 260 | _bNational Book Store, | ||
| 260 | _c2010 | ||
| 300 | _a610 pages : | ||
| 300 | _billustrations ; | ||
| 300 | _c23 cm. | ||
| 500 | _aIncludes bibliographical references. | ||
| 650 | _aAcademic writing. | ||
| 650 | _aResearch. | ||
| 650 | _xResearch -- Data processing. | ||
| 650 | _xStatistics. | ||
| 942 |
_2lcc _cBK |
||
| 999 |
_c291628 _d291628 |
||